书目信息 |
| 题名: |
商务文书格式与范例大全
|
|
| 作者: | 王磊 , 刘明达 主编 | |
| 分册: | ||
| 出版信息: | 广州 广东经济出版社 2002.07 |
|
| 页数: | 419页 | |
| 开本: | 20cm | |
| 丛书名: | ||
| 单 册: | ||
| 中图分类: | H152.3 | |
| 科图分类: | ||
| 主题词: | 商务--shang wu--应用文--写作--范文 | |
| 电子资源: | ||
| ISBN: | 7-80677-251-0 | |
| 000 | 00829nam0 2200241 450 | |
| 001 | 012008471000 | |
| 005 | 20080315093514.89 | |
| 010 | @a7-80677-251-0@dCNY26.00 | |
| 100 | @a20080315d2002 km y0chiy0120 ea | |
| 101 | 0 | @achi |
| 102 | @aCN@b440000 | |
| 105 | @ay z 000zy | |
| 106 | @ar | |
| 200 | 1 | @a商务文书格式与范例大全@Ashang wu wen shu ge shi yu fan li da quan@f王磊,刘明达主编 |
| 210 | @a广州@c广东经济出版社@d2002.07 | |
| 215 | @a419页@d20cm | |
| 330 | @a本书包括商务办公必备计划、总结、报告及商业论文,商务作业与往来必备文书,商务公关礼仪、谈判与广告必用文书,商务管理必用文书等7章内容。 | |
| 606 | 0 | @a商务@Ashang wu@x应用文@x写作@x范文 |
| 690 | @aH152.3@v4 | |
| 701 | 0 | @a王磊@Awang lei@4主编 |
| 701 | 0 | @a刘明达@Aliu ming da@4主编 |
| 801 | 0 | @aCN@bQSSK@c20080315 |
| 905 | @b20284140-42@dH152.3@eW263@f3 | |
| 商务文书格式与范例大全/王磊,刘明达主编.-广州:广东经济出版社,2002.07 |
| 419页;20cm |
| ISBN 7-80677-251-0:CNY26.00 |
| 本书包括商务办公必备计划、总结、报告及商业论文,商务作业与往来必备文书,商务公关礼仪、谈判与广告必用文书,商务管理必用文书等7章内容。 |
| ● |
| 相关链接 |
|
|
|
正题名:商务文书格式与范例大全
索取号:H152.3/W263
 
预约/预借
| 序号 | 登录号 | 条形码 | 馆藏地/架位号 | 状态 | 备注 |
| 1 | 284140 | 202841407 | 语言库209/209语言库 75排3列4层/ [索取号:H152.3/W263] | 在馆 | |
| 2 | 284141 | 202841416 | 语言库209/209语言库 75排3列4层/ [索取号:H152.3/W263] | 在馆 | |
| 3 | 284142 | 202841425 | 语言库209/209语言库 75排3列4层/ [索取号:H152.3/W263] | 在馆 |